| 000 | 00482nam a2200169 a 4500 | ||
|---|---|---|---|
| 005 | 20140412111331.0 | ||
| 008 | 030317s19uu xx 00 eng d | ||
| 020 | _a0-02-109587-6 | ||
| 050 |
_aBB _bBu976 1985 |
||
| 100 | _aGomi, Taro | ||
| 245 |
_aBus stops / _cby Taro Gomi. |
||
| 260 |
_aNew York : _bMacmillan/McGraw-Hill School Pub. Comp, _c1985. |
||
| 300 | _a32 p. ; ill. | ||
| 650 | _aCommunity helpers--Juvenile literature | ||
| 650 | _aCommunity life | ||
| 999 |
_c104938 _d104938 |
||